O Saci e a Reciclagem do Lixo (Record no. 8721)

MARC details
000 -LÍDER
campo de controle de tamanho fixo 00763 a2200277 4500
001 - NÚMERO DE CONTROLE
campo de controle 8721
003 - IDENTIFICADOR DO NÚMERO DE CONTROLE
campo de controle Complexo Educacional Contemporaneo
005 - DATA E HORÁRIO DA ÚLTIMA TRANSAÇÃO
campo de controle 20230919130149.0
008 - CAMPO DE DADOS FIXOS--INFORMAÇÃO GERAL
campo de controle de tamanho fixo 200824s1994 r por d
020 ## - ISBN - INTERNATIONAL STANDARD BOOK NUMBER
ISBN - International Standard Book Number 9788516009847
040 ## - FONTE DA CATALOGAÇÃO
Instituição da catalogação original Complexo Educacional Contemporaneo
Idioma da catalogação por
080 ## - CDU - CLASSIFICAÇÃO DECIMAL UNIVERSAL
Número da Classificação Decimal Universal (CDU) 502/504
082 ## - CDD - CLASSIFICAÇÃO DECIMAL DE DEWEY
Número de Classificação 502/504
090 ## - NÚMERO DE CHAMADA LOCAL
Número de chamada (OCLC) (R); Número de chamada, CALL (RLIN) (NR) 502/504 B816s
Número Cutter local (OCLC); Número de classificação do livro, CALL (RLIN) AP
-- Viramundo
100 ## - ENTRADA PRINCIPAL--NOME PESSOAL
Nome pessoal Branco, Samuel Murgel
240 10 - TÍTULO UNIFORME
Título uniforme O Saci e a Reciclagem do Lixo
Idioma da obra Português
260 ## - PUBLICAÇÃO, DISTRIBUIÇÃO, ETC.
Local de publicação, distribuição, etc. São Paulo
Nome do editor, distribuidor, etc. Moderna
Data da publicação, distribuição, etc. 1994
245 10 - TÍTULO
Título O Saci e a Reciclagem do Lixo
300 ## - DESCRIÇÃO FÍSICA
Extensão 16p.
362 0# - DATAS DE PUBLICAÇÃO E/OU DESIGNAÇÃO SEQUENCIAL
Datas de publicação e/ou designação sequencial (1994)
650 #4 - ASSUNTO--TERMO TÓPICO
Cabeçalho tópico ou nome geográfico Lixo
650 #4 - ASSUNTO--TERMO TÓPICO
Cabeçalho tópico ou nome geográfico Meio Ambiente
650 #4 - ASSUNTO--TERMO TÓPICO
Cabeçalho tópico ou nome geográfico Personagens Folclórico
650 #4 - ASSUNTO--TERMO TÓPICO
Cabeçalho tópico ou nome geográfico Reciclagem
Holdings
Situação do descarte Situação das perdas Fonte da classificação ou esquema de arquivamento na estante Situação física Não pode ser emprestado Biblioteca de origem Biblioteca atual Data de aquisição Total de empréstimos Código de barras Data de último acesso Número do exemplar Data do preço efetivo Tipo de material Koha Número de chamada completo
          Colégio Anchieta - Aquarius Colégio Anchieta - Aquarius 21/11/2023   258/AQU 21/11/2023   21/11/2023 Livros LJ 028.5 BRA SAC
          Colégio Anchieta - Aquarius Colégio Anchieta - Aquarius 21/11/2023   259/AQU 21/11/2023   21/11/2023 Livros LJ 028.5 BRA SAC
          Contemporâneo - Cidade Verde Contemporâneo - Cidade Verde 24/08/2020   04191 19/09/2023 1 19/09/2023 Livros